Pretekárske legendy: Max Verstappen /
Max Verstappen sa rýchlosťou svetla stal pretekárskou legendou. Zistite, ako sa z pretekára na motokárach stal jeden z najlepších pilotov F1 na svete, prečítajte si o jeho rýchlom vzostupe k sláve aj o tíme, ktorý mu pomohol stať sa číslom jeden.
Uloženo v:
| Hlavní autor: | |
|---|---|
| Médium: | E-kniha |
| Jazyk: | Czech |
| Vydáno: |
Praha :
Albatros Media Slovakia s.r.o.,
2025
|
| Tagy: |
Žádné tagy |
| LEADER | 01232nam a22002297i 4500 | ||
|---|---|---|---|
| 001 | 302668 | ||
| 007 | ta | ||
| 008 | 260514s2025 xr ||||| |||| 00| 0 cze d | ||
| 020 | |a 9788056643747 | ||
| 044 | |a xr | ||
| 100 | 1 | |a Hamilton, Maurice |4 aut | |
| 245 | 1 | 0 | |a Pretekárske legendy: Max Verstappen / |c Hamilton, Maurice |
| 240 | 1 | 0 | |a Racing Legends: Max Verstappen |
| 264 | 1 | |a Praha : |b Albatros Media Slovakia s.r.o., |c 2025 | |
| 300 | |a 1 online zdroj (176 stran) | ||
| 336 | |a text |b txt |2 rdacontent | ||
| 337 | |a bez média |b n |2 rdamedia | ||
| 338 | |a online zdroj |b cr |2 rdacarrier | ||
| 520 | 2 | |a Max Verstappen sa rýchlosťou svetla stal pretekárskou legendou. Zistite, ako sa z pretekára na motokárach stal jeden z najlepších pilotov F1 na svete, prečítajte si o jeho rýchlom vzostupe k sláve aj o tíme, ktorý mu pomohol stať sa číslom jeden. | |
| 910 | |a RBIT002 | ||
| 998 | |d 426893 |a https://core.palmknihy.cz/api/books/426893/cover?tesghd |b https://core.palmknihy.cz/api/books/426893/cover/400?tesghd |c https://core.palmknihy.cz/api/books/426893/cover/50?tesghd |e 2029-05-14 |g 176 |i 9788056643747 |k https://core.palmknihy.cz/api/books/426893/preview.pdf |l |q 49 |r 1 |s https://www.palmknihy.cz/kniha/426893 |t ebook |y 2025 |z 1 | ||
| 999 | |d 302666 | ||